[Event "Barcelona Sant Marti op 10th"]
[Site "Barcelona"]
[Date "2023.03.02"]
[Round "8"]
[White "Lopez Gomez, Nicolas"]
[Black "San Isidoro Castillo, Jose"]
[Result "1/2-1/2"]
[WhiteElo "1485"]
[BlackElo "1323"]
[PlyCount "66"]
[EventDate "2023.01.12"]
[EventType "swiss"]
[EventRounds "9"]
[EventCountry "ESP"]
[SourceTitle "CBM 213 Extra"]
[Source "ChessBase"]
[SourceDate "2023.05.31"]
[SourceVersion "1"]
[SourceVersionDate "2023.05.31"]
[SourceQuality "1"]

1. d4 Nf6 2. Bf4 d5 3. Nc3 c6 4. e3 e6 5. a3 Bd6 6. Bxd6 Qxd6 7. Nf3 Nbd7 8. Bd3 0-0 9. 0-0 e5 10. dxe5 Nxe5 11. Nxe5 Qxe5 12. h3 Bf5 13. Bxf5 Qxf5 14. Ne2 Rad8 15. c3 c5 16. Rc1 Rd7 17. Re1 Rfd8 18. b4 b6 19. Qc2 Qxc2 20. Rxc2 Ne4 21. Rd1 f5 22. Ng3 Nxg3 23. fxg3 Re7 24. Kf2 Kf7 25. Rcd2 Re5 26. bxc5 bxc5 27. c4 Ke6 28. Rd3 g5 29. Kf3 h5 30. Rb3 Rd7 31. Rb5 dxc4 32. Rxd7 Kxd7 33. Rb7+ Kc6 1/2-1/2

[Event "Barcelona Ideal Clave op 21st"]
[Site "Barcelona"]
[Date "2017.09.30"]
[Round "1"]
[White "Lopez Gomez, Nicolas"]
[Black "Vargas Drechsler, Carlos"]
[Result "0-1"]
[WhiteElo "1526"]
[BlackElo "1923"]
[PlyCount "36"]
[EventDate "2017.09.30"]
[EventType "swiss"]
[EventRounds "8"]
[EventCountry "ESP"]
[SourceTitle "CBM 181 Extra"]
[Source "ChessBase"]
[SourceDate "2017.12.12"]
[SourceVersion "1"]
[SourceVersionDate "2017.12.12"]
[SourceQuality "1"]

1. e4 e5 2. Nc3 Nc6 3. Nf3 Nf6 4. Bc4 Nxe4 5. Bxf7+ Kxf7 6. Nxe4 d5 7. Neg5+ Kg8 8. d3 h6 9. Nh3 Bd6 10. Nhg1 Kh7 11. c3 Be6 12. Be3 Rf8 13. h3 Qd7 14. Qc2 Kg8 15. Ne2 Rae8 16. 0-0-0 d4 17. Bd2 Bxa2 18. b3 Ba3+ 0-1

[Event "Ideal Clave op"]
[Site "Barcelona"]
[Date "1997.11.22"]
[Round "8"]
[White "Sanchez Guerrero, Cesar"]
[Black "Lopez Gomez, Nicolas"]
[Result "0-1"]
[WhiteElo "1810"]
[BlackElo "1875"]
[PlyCount "74"]
[EventDate "1997.09.??"]
[EventType "swiss"]
[EventRounds "9"]
[EventCountry "ESP"]
[SourceTitle "EXT 2003"]
[Source "ChessBase"]
[SourceDate "2002.11.25"]
[SourceVersion "1"]
[SourceVersionDate "2002.11.25"]
[SourceQuality "1"]

1. e4 e5 2. Nf3 Nc6 3. d4 exd4 4. Bc4 h6 5. 0-0 d6 6. c3 Be6 7. Bxe6 fxe6 8. Nxd4 Nxd4 9. Qh5+ Ke7 10. cxd4 Nf6 11. Qf3 g5 12. e5 dxe5 13. dxe5 Nd5 14. Rd1 Bg7 15. Nc3 c6 16. Qe4 Qc7 17. Bd2 Bxe5 18. Nxd5+ cxd5 19. Bb4+ Kf7 20. Qf3+ Kg7 21. Qh3 Qf7 22. Re1 Qf6 23. Rad1 Rac8 24. Rd2 Rhe8 25. Rde2 Bd4 26. Qg3 e5 27. h4 Qf4 28. Qxf4 gxf4 29. Bd2 Kf7 30. Rc1 Rxc1+ 31. Bxc1 Rc8 32. Bd2 Rc2 33. Kf1 Rxb2 34. Ba5 Rb1+ 35. Re1 Rb5 36. Bd8 Ke6 37. a4 Rc5 0-1

[Event "Ideal Clave op"]
[Site "Barcelona"]
[Date "1997.10.11"]
[Round "3"]
[White "Lopez Gomez, Nicolas"]
[Black "Piedecausa Andreu, Francisco"]
[Result "0-1"]
[WhiteElo "1875"]
[BlackElo "2005"]
[PlyCount "62"]
[EventDate "1997.09.??"]
[EventType "swiss"]
[EventRounds "9"]
[EventCountry "ESP"]
[SourceTitle "EXT 2003"]
[Source "ChessBase"]
[SourceDate "2002.11.25"]
[SourceVersion "1"]
[SourceVersionDate "2002.11.25"]
[SourceQuality "1"]

1. d4 d5 2. c4 e6 3. Nc3 Nf6 4. Nf3 Be7 5. e3 0-0 6. a3 c5 7. cxd5 Nxd5 8. Bd2 b6 9. dxc5 Bxc5 10. Qc2 Bb7 11. e4 Nf6 12. Bd3 h6 13. 0-0 Nc6 14. Rad1 e5 15. b4 Nd4 16. Nxd4 Bxd4 17. Be3 Rc8 18. Qe2 Bxc3 19. f3 Qe7 20. Qf2 Rfd8 21. g4 Bd4 22. Rfe1 Qe6 23. Bxd4 Rxd4 24. Bb1 Rxd1 25. Rxd1 Nxg4 26. Qe2 Nf6 27. Ba2 Qc6 28. Kf2 Qa4 29. Rd2 Qxa3 30. Qe1 Ba6 31. Qb1 Rc1 0-1